[Event "Canada int. ch U2100"]
[Site "Longueuil CAN"]
[Date "2019.10.13"]
[Round "4.23"]
[White "Mendoza, Armand Jess"]
[Black "Adam, Rafael"]
[Result "1-0"]
[WhiteElo "1743"]
[BlackElo "1394"]
[PlyCount "221"]
[EventDate "2019.10.11"]
[EventType "swiss"]
[EventRounds "5"]
[EventCountry "CAN"]

1. e4 e5 2. Nf3 Nc6 3. d4 exd4 4. Nxd4 Bc5 5. Nxc6 bxc6 6. Bc4 d6 7. O-O Ne7 8.
Nc3 O-O 9. a3 Be6 10. Bd3 Qd7 11. Na4 Bb6 12. Nxb6 axb6 13. f4 f6 14. f5 Bf7
15. Qg4 Kh8 16. Qh4 Bg8 17. Rf3 Rfd8 18. Rg3 Rf8 19. Bd2 b5 20. Rf1 Nc8 21. Rf4
Rf7 22. Rfg4 Qd8 23. Bc3 Qf8 24. Rxg7 Qxg7 25. Rxg7 Kxg7 26. Qg5+ Kf8 27. Bxf6
Nb6 28. e5 Nd5 29. Qh6+ Ke8 30. Bg5 Rf8 31. exd6 cxd6 32. Qxd6 Rc8 33. Qe5+ Kd7
34. f6 Be6 35. Bf5 Bxf5 36. Qxf5+ Kd6 37. Bh4 Rce8 38. Bg3+ Kc5 39. Qf2+ Kc4
40. f7 Re6 41. Qf5 Rf6 42. b3+ Kc5 43. b4+ Kb6 44. Bf2+ Kc7 45. Bg3+ Kb6 46.
Bf2+ Kc7 47. Qe5+ Kb7 48. Qd4 R6xf7 49. Qa7+ Kc8 50. Qa8+ Kc7 51. Bg3+ Nf4 52.
Qa7+ Kd6 53. Qc5+ Kd7 54. Bxf4 Rxf4 55. g3 R4f7 56. Kg2 Re7 57. c4 bxc4 58.
Qxc4 Rff7 59. a4 Kd6 60. b5 cxb5 61. axb5 Rc7 62. Qd4+ Ke6 63. g4 Rb7 64. Qc5
Rbc7 65. Qb6+ Kd5 66. Kg3 Rg7 67. Qa5 Rb7 68. Qa6 Rgc7 69. h4 Kc5 70. Qa5 Rd7
71. Qa6 Rxb5 72. Qc8+ Kd6 73. Qa6+ Kc5 74. Qa3+ Kc4 75. Qa1 Kb4 76. Qe1+ Kc5
77. Qe3+ Kd5 78. Qf3+ Kd6 79. Qf6+ Kc7 80. Qc3+ Kd8 81. Qf6+ Kc7 82. Qf4+ Kb7
83. g5 Rbd5 84. Qb4+ Kc8 85. Qc3+ Rc7 86. Qa3 Kd7 87. Kg4 Rd6 88. Kh5 Ke6 89.
Qe3+ Kf7 90. Qe4 Rdd7 91. Qxh7+ Ke6 92. Qg8+ Kf5 93. Qg6+ Ke5 94. Qf6+ Kd5 95.
Qf5+ Kd6 96. Kh6 Rc8 97. Qf6+ Kd5 98. Qf5+ Kd6 99. Qd3+ Kc7 100. Qc4+ Kd8 101.
Qf4 Ke8 102. h5 Rcc7 103. g6 Re7 104. Qa4+ Kf8 105. Qb4 Rcd7 106. g7+ Kf7 107.
Qf4+ Ke6 108. g8=Q+ Rf7 109. Qg6+ Kd5 110. Qgxf7+ Rxf7 111. Qxf7+ 1-0

[Event "Canada int. ch U2100"]
[Site "Longueuil CAN"]
[Date "2019.10.13"]
[Round "4.25"]
[White "Pare, Marc"]
[Black "Omichi, Haruaki"]
[Result "1-0"]
[WhiteElo "1846"]
[BlackElo "1557"]
[PlyCount "69"]
[EventDate "2019.10.11"]
[EventType "swiss"]
[EventRounds "5"]
[EventCountry "CAN"]

1. e4 c5 2. c3 d5 3. exd5 Qxd5 4. d4 cxd4 5. cxd4 Nc6 6. Nf3 e6 7. Nc3 Qd8 8.
Bb5 Nf6 9. O-O Be7 10. Be3 O-O 11. a3 Nd5 12. Qd3 a6 13. Ba4 b5 14. Bc2 g6 15.
b4 Bf6 16. Ne4 Nxe3 17. Nxf6+ Qxf6 18. fxe3 Qe7 19. h4 f5 20. Bb3 Rd8 21. Rac1
Bb7 22. Ng5 Rd6 23. Rc5 h6 24. Nf3 Rad8 25. h5 Kg7 26. Qc3 Qf6 27. Ne5 Ne7 28.
Rc7 Bd5 29. Bxd5 Rxd5 30. Nxg6 R8d7 31. Nf4 R5d6 32. Qc5 Rxc7 33. Qxc7 Rc6 34.
Qd7 e5 35. Nd5 1-0

[Event "Canada int. ch U2100"]
[Site "Longueuil CAN"]
[Date "2019.10.13"]
[Round "5.1"]
[White "Caen, Andy"]
[Black "Ehab, Mohamed"]
[Result "1-0"]
[WhiteElo "1719"]
[BlackElo "1950"]
[PlyCount "73"]
[EventDate "2019.10.11"]
[EventType "swiss"]
[EventRounds "5"]
[EventCountry "CAN"]

1. e4 e6 2. Nf3 d5 3. exd5 exd5 4. d4 Bg4 5. Bd3 Nf6 6. O-O Be7 7. Bf4 O-O 8.
c3 c5 9. dxc5 Bxc5 10. Nbd2 Nc6 11. Qc2 Bh5 12. Rad1 Re8 13. b4 Bb6 14. a3 Rc8
15. Qa2 Bc7 16. Bg5 Bg6 17. Bb5 a6 18. Ba4 Bd3 19. Rfe1 Be2 20. Rc1 h6 21. Bxf6
Qxf6 22. Nd4 Bd3 23. Qxd5 Rxe1+ 24. Rxe1 Bxh2+ 25. Kxh2 Qf4+ 26. Kg1 Qxd2 27.
Rd1 Qf4 28. Rxd3 Ne5 29. Ne2 Qf6 30. Re3 Ng4 31. Rf3 Qg6 32. Qf5 Qxf5 33. Rxf5
b5 34. Bb3 Nf6 35. a4 bxa4 36. Bxa4 Ne4 37. Ra5 1-0

[Event "Canada int. ch U2100"]
[Site "Longueuil CAN"]
[Date "2019.10.13"]
[Round "5.2"]
[White "Forget, Luc"]
[Black "Morin-Pare, Victor"]
[Result "1/2-1/2"]
[WhiteElo "1868"]
[BlackElo "1732"]
[PlyCount "108"]
[EventDate "2019.10.11"]
[EventType "swiss"]
[EventRounds "5"]
[EventCountry "CAN"]

1. d4 f5 2. g3 Nf6 3. Bg2 e6 4. Nf3 Be7 5. c4 d6 6. Nc3 O-O 7. O-O a5 8. Re1
Ne4 9. Qc2 Nxc3 10. bxc3 Na6 11. h4 Bf6 12. Bg5 e5 13. dxe5 dxe5 14. Nxe5 c6
15. Bxf6 Qxf6 16. f4 Nc5 17. Rad1 Be6 18. Rd6 Qe7 19. Rd2 Rad8 20. Red1 Rxd2
21. Qxd2 Ne4 22. Bxe4 fxe4 23. Qd6 Qf6 24. Nd7 Bxd7 25. Qxf6 Rxf6 26. Rxd7 b5
27. cxb5 cxb5 28. Rd5 Rc6 29. Rxb5 Rxc3 30. Rxa5 Rxg3+ 31. Kf2 Rh3 32. Ra8+ Kf7
33. a4 e3+ 34. Kg2 Rxh4 35. Kf3 Rh3+ 36. Ke4 h5 37. a5 h4 38. a6 Rh1 39. a7 Ra1
40. Kf3 Ra3 41. Rh8 Rxa7 42. Rxh4 Re7 43. Rh5 Kf6 44. Ra5 Re6 45. Ra3 g6 46.
Rxe3 Ra6 47. Rb3 Rc6 48. e4 Ra6 49. Kg4 Ra1 50. Rb6+ Kf7 51. Rb7+ Ke6 52. f5+
gxf5+ 53. exf5+ Kf6 54. Rb6+ Kf7 1/2-1/2

[Event "Canada int. ch U2100"]
[Site "Longueuil CAN"]
[Date "2019.10.13"]
[Round "5.3"]
[White "Rabin, Evan"]
[Black "Qiao, Joey"]
[Result "1-0"]
[WhiteElo "2044"]
[BlackElo "1526"]
[PlyCount "93"]
[EventDate "2019.10.11"]
[EventType "swiss"]
[EventRounds "5"]
[EventCountry "CAN"]

1. e4 e5 2. Nf3 Nc6 3. Bb5 a6 4. Ba4 Nf6 5. O-O b5 6. Bb3 Be7 7. d4 d6 8. dxe5
dxe5 9. a4 Bg4 10. axb5 axb5 11. Rxa8 Qxa8 12. Nc3 Qb8 13. Bd5 Nxd5 14. Qxd5
Bd7 15. Rd1 Bd6 16. Nxb5 Ne7 17. Nxd6+ cxd6 18. Qxd6 Qxd6 19. Rxd6 f6 20. Be3
Bc6 21. Nd2 O-O 22. Re6 Kf7 23. Rxe7+ Kxe7 24. Bc5+ Kf7 25. Bxf8 Kxf8 26. f3
Ke7 27. b4 Kd6 28. Kf2 g6 29. c4 Ba4 30. Ke3 Bc2 31. g3 Kc6 32. f4 Kd6 33.
fxe5+ Kxe5 34. c5 Ba4 35. Nf3+ Ke6 36. b5 Kd7 37. Nd4 Kc7 38. b6+ Kb7 39. Ne6
h6 40. Kd4 Bd7 41. Nd8+ Kc8 42. Nf7 h5 43. Kd5 Ba4 44. Ke6 f5 45. Nd6+ Kd8 46.
exf5 Bd7+ 47. Ke5 1-0

[Event "Canada int. ch U2100"]
[Site "Longueuil CAN"]
[Date "2019.10.13"]
[Round "5.4"]
[White "Steinberg, Ellis"]
[Black "Libersan, Thierry"]
[Result "1-0"]
[WhiteElo "1769"]
[BlackElo "1986"]
[PlyCount "87"]
[EventDate "2019.10.11"]
[EventType "swiss"]
[EventRounds "5"]
[EventCountry "CAN"]

1. e4 c5 2. Nf3 e6 3. d3 Nc6 4. g3 g6 5. Bg2 Bg7 6. O-O Nge7 7. c3 O-O 8. Nbd2
Rb8 9. a4 a6 10. Re1 d6 11. Nc4 b5 12. axb5 axb5 13. Ne3 b4 14. d4 bxc3 15.
bxc3 cxd4 16. cxd4 Bb7 17. Qd2 d5 18. e5 Qb6 19. Ba3 Bc8 20. Ng4 f5 21. exf6
Bxf6 22. Nxf6+ Rxf6 23. Bd6 Rb7 24. Ra8 Rxf3 25. Bxe7 Nxe7 26. Bxf3 Rb8 27.
Rxb8 Qxb8 28. Bg4 Qb6 29. Qe3 Kf7 30. Qf4+ Kg7 31. Qe5+ Kf7 32. Re3 h5 33. Bh3
Bd7 34. Rf3+ Nf5 35. Bxf5 gxf5 36. Kg2 Ba4 37. Rc3 Bd7 38. Rc7 Qb5 39. Qd6 Ke8
40. h4 Kd8 41. Ra7 Qc6 42. Qxc6 Bxc6 43. Rh7 Be8 44. Kf3 1-0

[Event "Canada int. ch U2100"]
[Site "Longueuil CAN"]
[Date "2019.10.13"]
[Round "5.5"]
[White "Beaudry, Marc-Andre"]
[Black "Jiang, Barron Jiyu"]
[Result "1-0"]
[WhiteElo "1793"]
[BlackElo "1421"]
[PlyCount "69"]
[EventDate "2019.10.11"]
[EventType "swiss"]
[EventRounds "5"]
[EventCountry "CAN"]

1. c4 e5 2. Nc3 Nf6 3. Nf3 Nc6 4. e3 d5 5. cxd5 Nxd5 6. Bb5 Nxc3 7. bxc3 Bd6 8.
d4 exd4 9. cxd4 O-O 10. O-O Bf5 11. Bd3 Bxd3 12. Qxd3 Re8 13. Rb1 b6 14. Bb2
Nb4 15. Qb3 Re6 16. Rfe1 Rh6 17. e4 a5 18. a3 Nc6 19. Qc3 Rg6 20. e5 Be7 21. e6
Qd6 22. Rbc1 Nd8 23. exf7+ Nxf7 24. Qxc7 Qxc7 25. Rxc7 Ng5 26. Rexe7 Nxf3+ 27.
Kh1 Nh4 28. g3 Nf5 29. Re5 Nd6 30. d5 Rf8 31. f4 Re8 32. Rc6 Rxe5 33. fxe5 Nb7
34. Rc8+ Kf7 35. Rc7+ 1-0

[Event "Canada int. ch U2100"]
[Site "Longueuil CAN"]
[Date "2019.10.13"]
[Round "5.6"]
[White "Ramesh, Sanjay"]
[Black "Orozco, Joey"]
[Result "1/2-1/2"]
[WhiteElo "1641"]
[BlackElo "1802"]
[PlyCount "99"]
[EventDate "2019.10.11"]
[EventType "swiss"]
[EventRounds "5"]
[EventCountry "CAN"]

1. d4 e6 2. c4 d5 3. Nc3 Nf6 4. Bg5 Nbd7 5. cxd5 exd5 6. e3 Be7 7. Bd3 O-O 8.
Qc2 h6 9. Bf4 c6 10. h3 Re8 11. Nf3 Bf8 12. O-O g5 13. Bh2 Bg7 14. b4 Qe7 15.
b5 c5 16. dxc5 Nxc5 17. Rac1 Nxd3 18. Qxd3 Be6 19. Nd4 Rac8 20. Nf5 Bxf5 21.
Qxf5 Qe6 22. Qxe6 fxe6 23. Be5 Rc4 24. Ne2 Rec8 25. Rxc4 Rxc4 26. Rc1 Rxc1+ 27.
Nxc1 Ne4 28. Bxg7 Kxg7 29. Ne2 Kf6 30. f3 Nd6 31. a4 Nc4 32. Kf2 e5 33. Nc3 Ke6
34. Ke2 Kd6 35. g3 b6 36. Kd3 Kc5 37. f4 exf4 38. exf4 gxf4 39. gxf4 Nd6 40.
Ne2 Nf5 41. Nc3 Ng3 42. Nd1 Nf5 43. Ne3 Ng3 44. f5 Ne4 45. Ng4 h5 46. f6 Kd6
47. f7 Nc5+ 48. Kd2 Ke7 49. Nf6 Kxf7 50. Nxh5 1/2-1/2

[Event "Canada int. ch U2100"]
[Site "Longueuil CAN"]
[Date "2019.10.13"]
[Round "5.7"]
[White "Laroche, Hugo"]
[Black "Kapush, Oleksandr"]
[Result "0-1"]
[WhiteElo "1641"]
[BlackElo "1971"]
[PlyCount "86"]
[EventDate "2019.10.11"]
[EventType "swiss"]
[EventRounds "5"]
[EventCountry "CAN"]

1. d4 Nf6 2. Bf4 c5 3. e3 Qb6 4. Nc3 d6 5. Rb1 g6 6. Nf3 Bg7 7. Bc4 O-O 8. O-O
a6 9. Nd5 Nxd5 10. Bxd5 cxd4 11. exd4 Nc6 12. Be3 Bf5 13. Bb3 Na5 14. Ra1 Nxb3
15. axb3 Qc7 16. c3 e5 17. h3 b5 18. b4 a5 19. bxa5 Rxa5 20. Rxa5 Qxa5 21. Qa1
Qc7 22. Qa3 Be4 23. Nd2 Bd5 24. dxe5 dxe5 25. Qc5 Qb7 26. f3 Ra8 27. Rd1 Bf8
28. Qb6 Ra2 29. Qd8 Ra8 30. Qb6 Qxb6 31. Bxb6 f5 32. Bc7 Bc5+ 33. Kh1 e4 34.
fxe4 fxe4 35. Nf1 Bc4 36. Bf4 Rf8 37. Be3 Rxf1+ 38. Rxf1 Bxe3 39. Re1 Bd2 40.
Rxe4 Bc1 41. b4 Bd2 42. Rxc4 bxc4 43. b5 Bxc3 0-1

[Event "Canada int. ch U2100"]
[Site "Longueuil CAN"]
[Date "2019.10.13"]
[Round "5.8"]
[White "Wang, Rachel"]
[Black "Richard, Leo"]
[Result "1/2-1/2"]
[WhiteElo "1480"]
[BlackElo "1790"]
[PlyCount "68"]
[EventDate "2019.10.11"]
[EventType "swiss"]
[EventRounds "5"]
[EventCountry "CAN"]

1. d4 Nf6 2. c4 c5 3. d5 e6 4. Nc3 exd5 5. Nxd5 Nxd5 6. Qxd5 Nc6 7. Bf4 d6 8.
Qd2 Be6 9. e4 Qb6 10. Nf3 Be7 11. Be2 O-O 12. O-O Rad8 13. Rab1 Bf6 14. Rfd1
Rfe8 15. Bg5 Bxg5 16. Nxg5 Nd4 17. Nf3 Nxe2+ 18. Qxe2 d5 19. Nd2 f5 20. exd5
Bxd5 21. Qf1 Bf7 22. b3 f4 23. Nf3 Bh5 24. Rxd8 Rxd8 25. Rd1 Re8 26. Qd3 Qe6
27. Qd5 Bf7 28. Qxc5 Qe2 29. Ra1 Rd8 30. Qe5 Qc2 31. Ne1 Qd2 32. Nf3 Qc2 33.
Ne1 Qd2 34. Nf3 Qc2 1/2-1/2

[Event "Canada int. ch U2100"]
[Site "Longueuil CAN"]
[Date "2019.10.13"]
[Round "5.9"]
[White "Robillard, Jean-Philippe"]
[Black "Gil, Bernardo"]
[Result "0-1"]
[WhiteElo "1655"]
[BlackElo "1654"]
[PlyCount "88"]
[EventDate "2019.10.11"]
[EventType "swiss"]
[EventRounds "5"]
[EventCountry "CAN"]

1. d4 Nf6 2. c4 g6 3. f3 Bg7 4. e4 d6 5. Ne2 Nbd7 6. Be3 O-O 7. Qd2 e5 8. Nbc3
exd4 9. Nxd4 Ne5 10. O-O-O Bd7 11. Kb1 Nc6 12. g4 Nxd4 13. Bxd4 a6 14. h4 h5
15. gxh5 Nxh5 16. Bxg7 Kxg7 17. Nd5 Be6 18. Qd4+ Kg8 19. Bd3 Bxd5 20. exd5 Qf6
21. Qg4 Rae8 22. Be4 Qg7 23. Rhg1 Nf6 24. Qg2 Nxe4 25. fxe4 Re5 26. Rd2 Rfe8
27. Re2 Kh7 28. Kc2 Qf6 29. Rf1 Qe7 30. Kd3 f5 31. Rf4 Rxe4 32. Rexe4 fxe4+ 33.
Ke3 c5 34. Qg4 Qg7 35. b3 Qd4+ 36. Ke2 Qd3+ 37. Ke1 Qb1+ 38. Ke2 Qxa2+ 39. Kf1
Qa1+ 40. Kg2 Qb2+ 41. Rf2 Qg7 42. Kh3 Rf8 43. Rf4 Qc3+ 44. Kh2 Qd2+ 0-1

[Event "Canada int. ch U2100"]
[Site "Longueuil CAN"]
[Date "2019.10.13"]
[Round "5.10"]
[White "Hua, Michelle"]
[Black "Wang, Isabelle"]
[Result "1/2-1/2"]
[WhiteElo "1646"]
[BlackElo "1431"]
[PlyCount "46"]
[EventDate "2019.10.11"]
[EventType "swiss"]
[EventRounds "5"]
[EventCountry "CAN"]

1. c4 c5 2. g3 g6 3. Bg2 Bg7 4. Nc3 Nc6 5. e3 e5 6. Nge2 Nge7 7. O-O O-O 8. Nd5
d6 9. Nec3 Nxd5 10. Nxd5 Ne7 11. d3 Nxd5 12. cxd5 Bd7 13. Bd2 b5 14. Qe2 b4 15.
e4 f5 16. a3 a5 17. axb4 axb4 18. Rxa8 Qxa8 19. f3 Qa2 20. Be3 f4 21. Bf2 Bb5
22. Qc2 Ba4 23. Qd2 Bb5 1/2-1/2

[Event "Canada int. ch U2100"]
[Site "Longueuil CAN"]
[Date "2019.10.13"]
[Round "5.11"]
[White "Van Rooy, Jake"]
[Black "Yan, Alex Jikai"]
[Result "1/2-1/2"]
[WhiteElo "1787"]
[BlackElo "1607"]
[PlyCount "89"]
[EventDate "2019.10.11"]
[EventType "swiss"]
[EventRounds "5"]
[EventCountry "CAN"]

1. Nf3 c5 2. e4 Nc6 3. d4 cxd4 4. Nxd4 Nf6 5. Nc3 e5 6. Ndb5 d6 7. Bg5 a6 8.
Na3 b5 9. Nd5 Be7 10. Bxf6 Bxf6 11. c3 O-O 12. Nc2 Bb7 13. Nce3 Bg5 14. Bd3
Bxe3 15. Nxe3 Ne7 16. Qb3 d5 17. exd5 Bxd5 18. Nxd5 Qxd5 19. Qxd5 Nxd5 20. Be4
Rad8 21. Rd1 Nf4 22. g3 Ne6 23. Ke2 Nc5 24. Bc2 a5 25. Rd2 Rxd2+ 26. Kxd2 Rd8+
27. Ke3 f6 28. Rd1 Rxd1 29. Bxd1 Kf7 30. Be2 b4 31. cxb4 axb4 32. a3 bxa3 33.
bxa3 Ke6 34. Bc4+ Kd6 35. Bg8 h6 36. f4 exf4+ 37. Kxf4 g6 38. Bf7 Nd3+ 39. Ke4
Ne5 40. Be8 f5+ 41. Kf4 Nd3+ 42. Ke3 Ne5 43. Kf4 Nd3+ 44. Ke3 Ne5 45. Kf4
1/2-1/2

[Event "Canada int. ch U2100"]
[Site "Longueuil CAN"]
[Date "2019.10.13"]
[Round "5.12"]
[White "Mathieu, Guillaume"]
[Black "Tinica, Gabriel"]
[Result "1/2-1/2"]
[WhiteElo "1782"]
[BlackElo "1935"]
[PlyCount "71"]
[EventDate "2019.10.11"]
[EventType "swiss"]
[EventRounds "5"]
[EventCountry "CAN"]

1. d4 Nf6 2. Nf3 g6 3. Bg5 Bg7 4. c3 d6 5. Nbd2 O-O 6. e3 c5 7. Bd3 Nc6 8. dxc5
dxc5 9. Ne4 Bg4 10. Nxf6+ exf6 11. Bh4 Bxf3 12. gxf3 Ne5 13. Be2 Qb6 14. Qb3
Qc6 15. e4 Rad8 16. Rd1 Rxd1+ 17. Qxd1 Re8 18. O-O Qe6 19. Bg3 Qxa2 20. Qa1 Qb3
21. Rd1 Qc2 22. Kf1 a6 23. Bxe5 fxe5 24. Rd7 Qb3 25. Qa5 Rf8 26. Qxc5 Qxb2 27.
Bc4 Qc1+ 28. Kg2 Qg5+ 29. Kf1 Qf4 30. Ke2 b5 31. Bd5 Qxh2 32. Qc6 Qf4 33. Qxa6
Qc1 34. Qc6 Qc2+ 35. Kf1 Qc1+ 36. Ke2 1/2-1/2

[Event "Canada int. ch U2100"]
[Site "Longueuil CAN"]
[Date "2019.10.13"]
[Round "5.13"]
[White "Gorunovich, Anna"]
[Black "Simard, Francois"]
[Result "1-0"]
[WhiteElo "1897"]
[BlackElo "1773"]
[PlyCount "72"]
[EventDate "2019.10.11"]
[EventType "swiss"]
[EventRounds "5"]
[EventCountry "CAN"]

1. e4 c5 2. Nf3 Nc6 3. d4 cxd4 4. Nxd4 g6 5. Be2 Bg7 6. Be3 d5 7. exd5 Qxd5 8.
Nc3 Qa5 9. O-O Bd7 10. Nb3 Qd8 11. Qd2 Nf6 12. Rad1 O-O 13. Nc5 Bc8 14. Qc1 Qa5
15. h3 Ne5 16. Nb3 Qc7 17. Nb5 Qb8 18. Bc5 Nc6 19. c3 a6 20. Na3 b6 21. Be3 Ne5
22. Nd4 Bb7 23. Bf4 Nfd7 24. Rfe1 Re8 25. Bg4 e6 26. Be2 Qa7 27. Nc4 Nxc4 28.
Bxc4 e5 29. Nb3 Bxg2 30. Kxg2 exf4 31. Qxf4 Nf6 32. Nd2 Qb7+ 33. Qf3 Qa7 34.
Ne4 Nxe4 35. Rxe4 b5 36. Bb3 Re7 1-0

[Event "Canada int. ch U2100"]
[Site "Longueuil CAN"]
[Date "2019.10.13"]
[Round "5.14"]
[White "Dube, Daniel"]
[Black "Couture, Jonathan"]
[Result "0-1"]
[WhiteElo "1662"]
[BlackElo "1832"]
[PlyCount "62"]
[EventDate "2019.10.11"]
[EventType "swiss"]
[EventRounds "5"]
[EventCountry "CAN"]

1. d4 g6 2. Nf3 Bg7 3. g3 d6 4. Bg2 Nf6 5. O-O O-O 6. c4 c6 7. Nc3 Qa5 8. d5
Qa6 9. Nd2 Nbd7 10. Rb1 Nb6 11. dxc6 bxc6 12. Bxc6 Rb8 13. b3 Nxc4 14. Bb5 Rxb5
15. Nxb5 Nxd2 16. Bxd2 Qxb5 17. e3 Bh3 18. Re1 Qf5 19. f3 d5 20. Qe2 e5 21. g4
Qe6 22. Qf2 h5 23. g5 Nd7 24. Bb4 Rb8 25. Ba3 f6 26. Rbc1 fxg5 27. Rc7 Bf8 28.
Bxf8 Rxf8 29. Rec1 e4 30. Rc8 Ne5 31. fxe4 Rxc8 0-1

[Event "Canada int. ch U2100"]
[Site "Longueuil CAN"]
[Date "2019.10.13"]
[Round "5.15"]
[White "Dube, Dominic"]
[Black "Mendoza, Armand Jess"]
[Result "1-0"]
[WhiteElo "1823"]
[BlackElo "1743"]
[PlyCount "147"]
[EventDate "2019.10.11"]
[EventType "swiss"]
[EventRounds "5"]
[EventCountry "CAN"]

1. e4 c5 2. Nf3 d6 3. d4 cxd4 4. Nxd4 Nf6 5. Nc3 a6 6. g3 Bd7 7. Bg2 Qc7 8. O-O
Nc6 9. Nde2 e6 10. Nf4 Be7 11. Be3 b5 12. a3 Rc8 13. Rc1 Ne5 14. Nd3 Nc4 15.
Qe1 a5 16. Nb1 Bc6 17. Nd2 Qb7 18. f3 Nxe3 19. Qxe3 b4 20. Kh1 h5 21. Qg5 Nxe4
22. Qe3 Nxd2 23. Qxd2 h4 24. gxh4 Rxh4 25. axb4 axb4 26. f4 Rg4 27. Rf2 g5 28.
Rg1 gxf4 29. Qxb4 f3 30. Qxg4 fxg2+ 31. Rgxg2 Ra8 32. h4 Bxg2+ 33. Rxg2 Bf6 34.
c3 Ke7 35. Kh2 Rh8 36. h5 Qb5 37. Nf4 e5 38. c4 Qd7 39. Nd5+ Kd8 40. Qxd7+ Kxd7
41. Nxf6+ Ke6 42. Rd2 Rh6 43. Nd5 Rxh5+ 44. Kg3 f5 45. Re2 Rg5+ 46. Kf2 e4 47.
b4 Ke5 48. b5 f4 49. b6 e3+ 50. Kf1 Rg7 51. Rb2 Rb7 52. Ra2 Rh7 53. Ra7 Rh8 54.
Re7+ Kd4 55. b7 Rh1+ 56. Kg2 Rb1 57. Nc7 Kd3 58. Nb5 f3+ 59. Kxf3 Rf1+ 60. Kg2
Rf8 61. Nxd6 e2 62. c5 Kd2 63. Ne8 Rg8+ 64. Kh3 Rh8+ 65. Kg4 Rg8+ 66. Kh5 Rh8+
67. Kg6 e1=Q 68. Rxe1 Kxe1 69. b8=Q Rf8 70. c6 Rg8+ 71. Kf7 Rg2 72. Qb1+ Ke2
73. Qc2+ Kf3 74. Qxg2+ 1-0

[Event "Canada int. ch U2100"]
[Site "Longueuil CAN"]
[Date "2019.10.13"]
[Round "5.16"]
[White "Eckert, Ethan"]
[Black "Craciun, David"]
[Result "0-1"]
[WhiteElo "1676"]
[BlackElo "1785"]
[PlyCount "82"]
[EventDate "2019.10.11"]
[EventType "swiss"]
[EventRounds "5"]
[EventCountry "CAN"]

1. e4 e5 2. Nf3 Nc6 3. Bb5 a6 4. Ba4 Nf6 5. O-O Be7 6. Re1 b5 7. Bb3 O-O 8. c3
d5 9. exd5 Nxd5 10. Nxe5 Nxe5 11. Rxe5 c6 12. d4 Bd6 13. Re2 Bg4 14. f3 Bh5 15.
Be3 Qh4 16. g3 Qf6 17. Nd2 Bxf3 18. Nxf3 Qxf3 19. Bf2 h5 20. Re1 Qxd1 21. Bxd1
g6 22. Bf3 Kg7 23. a3 Rac8 24. Rac1 Nb6 25. Red1 Nc4 26. b4 a5 27. a4 bxa4 28.
bxa5 Nxa5 29. Ra1 a3 30. Be2 Rb8 31. c4 Rb2 32. c5 Rxe2 33. cxd6 a2 34. d5 cxd5
35. Kf1 Rc2 36. Rd3 Rb8 37. Rad1 Rb1 38. Rxd5 Rxf2+ 39. Kxf2 a1=Q 40. d7 Nc6
41. Rxb1 Qxb1 0-1

[Event "Canada int. ch U2100"]
[Site "Longueuil CAN"]
[Date "2019.10.13"]
[Round "5.17"]
[White "Mercure, Gilbert"]
[Black "Jacobsen, Henrik"]
[Result "0-1"]
[WhiteElo "1748"]
[BlackElo "1945"]
[PlyCount "58"]
[EventDate "2019.10.11"]
[EventType "swiss"]
[EventRounds "5"]
[EventCountry "CAN"]

1. e4 c5 2. Nf3 e6 3. d4 cxd4 4. c3 dxc3 5. Nxc3 Nc6 6. Bc4 a6 7. Qe2 Nge7 8.
Be3 Ng6 9. O-O Be7 10. g3 b5 11. Bb3 Bb7 12. Rfd1 O-O 13. Rd2 Na5 14. Rad1 d6
15. h4 Nxb3 16. axb3 b4 17. Na4 Qa5 18. Nb6 Rad8 19. Nc4 Qh5 20. Nd4 Qxe2 21.
Nxe2 Ne5 22. Nxe5 dxe5 23. f3 f5 24. Bb6 Rxd2 25. Rxd2 fxe4 26. f4 exf4 27. Rd7
f3 28. Nf4 Rf7 29. Nxe6 Bc8 0-1

[Event "Canada int. ch U2100"]
[Site "Longueuil CAN"]
[Date "2019.10.13"]
[Round "5.18"]
[White "Samson, Gaetan"]
[Black "Palsson, Halldor"]
[Result "0-1"]
[WhiteElo "1740"]
[BlackElo "1851"]
[PlyCount "72"]
[EventDate "2019.10.11"]
[EventType "swiss"]
[EventRounds "5"]
[EventCountry "CAN"]

1. e4 e6 2. d4 d5 3. exd5 exd5 4. Nf3 Nc6 5. Bd3 Bd6 6. O-O Bg4 7. c3 Nge7 8.
Nbd2 Qd7 9. a4 O-O-O 10. b4 Ng6 11. Qc2 Kb8 12. a5 Nce7 13. Re1 Nf4 14. Bf1 f6
15. Ba3 g5 16. b5 Nc8 17. c4 dxc4 18. Qxc4 h5 19. Re3 Be6 20. Qc2 h4 21. Bb2 g4
22. Ne1 Bf5 23. Qb3 g3 24. Ndf3 gxf2+ 25. Kxf2 Nd5 26. Re2 Rdg8 27. Kg1 Nf4 28.
Rd2 Be4 29. Ne5 Qh3 30. N5f3 Bd5 31. Bc4 Bxc4 32. Qxc4 Nxg2 33. Rxg2 Rxg2+ 34.
Nxg2 Qxf3 35. Qd3 Qxd3 36. b6 Rg8 0-1

[Event "Canada int. ch U2100"]
[Site "Longueuil CAN"]
[Date "2019.10.13"]
[Round "5.19"]
[White "Marcouiller, David"]
[Black "Landstrom, William"]
[Result "1-0"]
[WhiteElo "1846"]
[BlackElo "1550"]
[PlyCount "149"]
[EventDate "2019.10.11"]
[EventType "swiss"]
[EventRounds "5"]
[EventCountry "CAN"]

1. e4 d6 2. Nf3 Nf6 3. c3 Nbd7 4. Bd3 e5 5. Bc2 Be7 6. O-O O-O 7. d4 c6 8. a4
b6 9. h3 Qc7 10. Be3 Re8 11. Nbd2 Bb7 12. Re1 Bf8 13. Nf1 g6 14. Ng3 Bg7 15.
Bb3 Re7 16. h4 h5 17. Bg5 Rf8 18. Qd2 Ree8 19. Nh2 Kh7 20. Rad1 c5 21. dxe5
dxe5 22. Qd6 Qc8 23. Nf3 c4 24. Bc2 Re6 25. Qb4 a5 26. Qa3 Kg8 27. Nd2 Rc6 28.
Ndf1 Nc5 29. f3 Ne6 30. Bc1 Qc7 31. Ne3 Rc5 32. Ne2 Re8 33. b4 cxb3 34. Bxb3
Nf4 35. c4 Nxe2+ 36. Rxe2 Bf8 37. Qa1 Qb8 38. Red2 Rcc8 39. Ba3 Bxa3 40. Qxa3
Qc7 41. Qd6 Kg7 42. Qxc7 Rxc7 43. Rd6 Rc6 44. Rxc6 Bxc6 45. Rd6 Rc8 46. Kf2 Nd7
47. Nd5 Kf8 48. g4 hxg4 49. fxg4 Nc5 50. Bc2 Nb7 51. Rf6 Bxd5 52. exd5 Ke7 53.
Rxb6 Nd6 54. Bd3 Nxc4 55. Rb7+ Kd6 56. Rxf7 Kxd5 57. Bxg6 Nd6 58. Rd7 Ke6 59.
Ra7 Rc4 60. Rxa5 Rxg4 61. h5 e4 62. Ra6 Ke7 63. a5 Nc4 64. Ra7+ Kd8 65. Ra8+
Kc7 66. Rc8+ Kb7 67. Rc5 Ka6 68. Bf5 Rf4+ 69. Kg3 Rf3+ 70. Kh4 Ne3 71. Be6 Ng2+
72. Kg4 Ne3+ 73. Kg5 Ng2 74. h6 Nf4 75. Bg4 1-0

[Event "Canada int. ch U2100"]
[Site "Longueuil CAN"]
[Date "2019.10.13"]
[Round "5.20"]
[White "Guipi Bopala, Prince Eric jr"]
[Black "Morin, Louis"]
[Result "1/2-1/2"]
[WhiteElo "1651"]
[BlackElo "1838"]
[PlyCount "58"]
[EventDate "2019.10.11"]
[EventType "swiss"]
[EventRounds "5"]
[EventCountry "CAN"]

1. d4 d5 2. Bf4 e6 3. e3 c5 4. c3 Nf6 5. Nd2 Be7 6. Bd3 O-O 7. h3 b6 8. Ngf3
Ba6 9. Bxa6 Nxa6 10. O-O Rc8 11. Qa4 Nc7 12. Qxa7 Nb5 13. Qa6 Nd6 14. Qe2 c4
15. Ne5 b5 16. Bh2 Qb6 17. g4 Rfd8 18. a3 Nfe8 19. f4 f6 20. Nef3 f5 21. gxf5
exf5 22. Kh1 Nf6 23. Ne5 Nde4 24. Rg1 Nxd2 25. Qxd2 Ne4 26. Qe2 Qh6 27. Qf3 Bh4
28. Rg2 Rd6 29. Re2 Ra8 1/2-1/2

[Event "Canada int. ch U2100"]
[Site "Longueuil CAN"]
[Date "2019.10.13"]
[Round "5.21"]
[White "Latorre, Vincent"]
[Black "Gauthier, Denis"]
[Result "1/2-1/2"]
[WhiteElo "1722"]
[BlackElo "1770"]
[PlyCount "103"]
[EventDate "2019.10.11"]
[EventType "swiss"]
[EventRounds "5"]
[EventCountry "CAN"]

1. e4 c5 2. Nf3 Nc6 3. d4 cxd4 4. Nxd4 e6 5. Nc3 Qc7 6. Be3 Nf6 7. Bd3 a6 8.
O-O d6 9. f4 Be7 10. a4 O-O 11. h3 Bd7 12. Kh2 Rac8 13. g4 Nxd4 14. Bxd4 Bc6
15. g5 Nd7 16. Be3 Nc5 17. Qh5 Nxd3 18. cxd3 f5 19. Rac1 Qd7 20. Qd1 b5 21.
axb5 axb5 22. Qb3 Kh8 23. Ra1 Ra8 24. Bd4 b4 25. Ne2 fxe4 26. dxe4 Bxe4 27.
Qxb4 d5 28. Qc3 Bd6 29. Rxa8 Rxa8 30. Ng3 Bg6 31. Rf2 Kg8 32. h4 Rc8 33. Qe3
Qf7 34. Qf3 Rc4 35. Be3 Be4 36. Nxe4 Rxe4 37. Kg2 Qf5 38. Rf1 Rb4 39. Rf2 Rb3
40. Re2 Qd3 41. Qg4 Qe4+ 42. Kf2 Rxe3 43. Rxe3 Bc5 44. Qf3 Bxe3+ 45. Qxe3 Qc2+
46. Kg3 Kf7 47. h5 Qd1 48. Qa7+ Ke8 49. Qb8+ Kd7 50. Qb7+ Kd6 51. Qb6+ Kd7 52.
Qb7+ 1/2-1/2